01857cam a22004214i 4500003000900000005001700009008004100026020001500067020001800082035002700100050002100127040003700148082002100185100003500206245004900241250002100290264003700311300004400348336002100392337002500413338002300438505055000461526000901011526000901020526000801029526000801037526000801045541001601053600002701069610002201096650002001118650003501138710002201173856006001195856006001255856006001315856006001375PE-LiUPU20250731183445.0150514s2006 enka r 000 0 eng d a1861542917 a9781861542915 a(Sirsi) i978186154291500aN8825b.K37 2006 aDKDLAcDKDLAbspadPE-LiUPUerda04a730.922bK232221 aKaram, Nadim,d1957- ,eautor.10aUrban toys /cNadim Karam, Atelier Hapsitus. aFirst published. 1aLondon :bBooth-Clibborn,c2006. a391 páginas :bilustraciones ;c22 cm atext2rdacontent aunmediated2rdamedia avolume2rdacarrier0 aOpening letter / Paul Virilio -- Lexigram 1001 urban toys -- Can cities dream? -- Beirut downtown: pre-war & post war, the Net Bridge -- London: Mile End, Millenium Park. Notting Hill Gate. Serpentine Gallery/London & Irish Museum of Modern art/Dublin (hypothetical project) -- Nara: the three magic flowers of Litchu. Todaiji Temple -- Tokyo: Nakameguro urban works -- Prague: the meeting of Kafka and Kandinsky. Manes Bridge -- Melbourne: The travellers. Sandridge Bridge -- Credits -- The closing letter / Robert Saliba -- Flowers: The dream. aP158 aP146 aP17 aP12 aP06 g003-000776;10aKaram, Nadim,d1957- .20aAtelier Hapsitus. 0aArte público. 0aEspacios públicosxDiseño.2 aAtelier Hapsitus.403Google :uhttp://books.google.com/books?id=LtlPAAAAMAAJ403Google :uhttp://books.google.com/books?id=LtlPAAAAMAAJ403Google :uhttp://books.google.com/books?id=LtlPAAAAMAAJ403Google :uhttp://books.google.com/books?id=LtlPAAAAMAAJ